000 00947nam a22002417a 4500
999 _c2773
_d2773
003 AR-CdUCM
008 190305b ||||| |||| 00| 0 spa d
020 _a84-89212-10-4
040 _aMUNICIPALIDAD PROVINCIAL DEL CUSCO
_cBIBLIOTECA MUNICIPAL DEL CUSCO
082 _a809.93 /
_bG984
100 _aGutiérrez S., Francisco.
_99667
245 _aExpediente negro /
260 _aLima :
_bEDICOL,
_c 1988.
300 _a210 paginas
_bIlustraciones,
_c23 cm.
440 _aColección
_99234
505 _aLos Borgia, la degeneración queda en familia -- Rasputin el monje hipnotizador del imperio zarista -- AL Capone, rey sin corona, pero con metralla -- Campos de concentración o el genocidio como operativo estatal...
650 _aLiteratura hispanoamericana
_9786
650 _aLiteratura e historia
_99668
650 _aRomance latinoamericano
_99669
650 _a Historia y crítica
_95993
942 _2ddc
_cLIBROS
945 _awnts